| 000 | 01043nam a2200289 i 4500 | ||
|---|---|---|---|
| 003 | DO-SdBNP | ||
| 005 | 20260305073952.0 | ||
| 006 | a||||gr|||| 00| 0 | ||
| 007 | ta | ||
| 008 | 240627t2016 dr ||||| |||| 00| 0 spa d | ||
| 020 | _a9789945590494 | ||
| 040 |
_aDO-SdBNP _bspa _cBNPHU _erda |
||
| 041 | _hfre | ||
| 082 | 4 |
_222 _bC322r |
|
| 245 | 0 | 0 |
_aCarta al rey: _bde los habitantes de la parte Norte de Saint Domingue el 20 de abril de 1978 / _cPrólogo, Frank Moya Pons; traducción, Delia Blanco. |
| 264 | 4 |
_a[Santo Domingo] : _bFunglode, _c2016 |
|
| 300 |
_a74 páginas : _b+Anexos ; _c20 cm. _e(16 hojas manuscritas de firmas), |
||
| 336 |
_2rdaconten _atexto _btxt |
||
| 337 |
_2rdamedia _asin mediación _bn |
||
| 338 |
_2rdacarrier _avolumen _bnc |
||
| 500 | _aObra seguida de 743 firmas recopiladas por vecindades. | ||
| 500 | _aLa biblioteca posee versión en inglés. | ||
| 590 | _aInventariado 2024 / MF | ||
| 700 | 1 |
_aMoya Pons, Frank, _d1944- _eprólogo _92095 |
|
| 700 | 1 |
_aBlanco, Delia _924662 _etraductora |
|
| 942 |
_2ddc _cLBS1 |
||
| 999 |
_c57043 _d57043 |
||